LEADER 01976nam a2200325 u 4500 001 000000005087 003 CaOOAMICUS 005 20070226104725.0 008 941109s1924 it ach u000 u ita u 035 $a10134829 040 $aDLC$bita$cNbU$dNbU$dCU$dAAR$dEFR 041 0 $aita$aeng$afre$ager 100 1 $aGatteschi, Giuseppe,$d1862-1935.$0(OLS)http://pul/name/5297 245 10$aRestavri della Roma imperiale con gli stati attvali ed il testo spiegativo in qvattro lingue /$cGiuseppe Gatteschi ; prefazione del Prof. Orazio Marucchi. 246 30$aRestauri della Roma imperiale con gli stati attuali ed il testo spiegativo in quattro lingue 260 $aRoma :$bComitato di azione patriotticca fra il personale postale-telegrafico-telefonico,$c1924. 300 $aviii, 100 p. :$bill., facsims., ports ;$c34 cm 500 $aDescription of plates in Italian, French, English and German. 500 $aAt head of title: Pro ciechi di guerra. 650 0$aArchitecture$zItaly$zRome.$2//eng$0(OLS)http://pul/subject/4082 650 0$aArchitecture, Roman$zItaly$zRome$xConservation and restoration.$2//eng$0(OLS)http://pul/subject/4456 651 0$aRome (Italy)$xAntiquities.$2//eng$0(OLS)http://pul/subject/177 651 0$aRome (Italy)$xPictorial works.$2//eng$0(OLS)http://pul/subject/4457 700 1 $aMarucchi, Orazio,$d1852-1931.$0(OLS)http://pul/name/4084 850 $aPUL 852 $aPUL$W1$xDP1 Fondo Cecchetti$y53$m282 E 1$j7107$nBK-PRI$b $qFondi$B7107$CPULBib$Z2$F7107 $HPUL5341 $81 941 1 $a1 996 $6245$aRestavri della Roma imperiale con gli stati attvali ed il testo spiegativo in qvattro lingue$9(OLS)http://pul/title/7429 996 $6246$aRestauri della Roma imperiale con gli stati attuali ed il testo spiegativo in quattro lingue$9(OLS)http://pul/title/7430 996 $6260$aRoma :$bComitato di azione patriotticca fra il personale postale-telegrafico-telefonico$9(OLS)http://pul/publisher/50773 LEADER 01486namaa2200337 i 4500 001 000000178561 003 CaOOAMICUS 005 20260309171709.0 007 tu 008 260309s2025 it m 000 u ita r 040 $aPUL$bita$erda 084 $a128 100 1 $aLimoncelli, Luciana,$d1965-,$eautore dissertazione.$0(OLS)http://pul/name/114901 245 10$aCogitativa tomista, neuroscienze e ontologia della mente /$cLuciana Limoncelli. 264 1$aRomae :$b[s.n.],$c2025. 300 $a88 pagine ;$c24 cm 336 $atesto$btxt$2rdacontent 337 $asenza mediazione$bn$2rdamedia 338 $avolume$bnc$2rdacarrier 502 $aEstratto della Tesi di Dottorato, Pontificia Universitas Lateranensis, Facoltà di Filosofia, 2025. 504 $aBibliografia: pagine [73]-86. 650 4$aOntologia della mente.$0(OLS)http://pul/subject/47134 650 4$aMente umana$xFilosofia.$0(OLS)http://pul/subject/45796 710 2 $aPontificia Università Lateranense$bFacoltà di filosofia$kTesi.$0(OLS)http://pul/name/81773 850 $aPUL 852 $aPUL$W1$xDP1 Tesi Pon Univ. Lateranense$y41$m2025 A 6$j202353$qTesi$B207702$CPULBib$Z2$F207702 $Hnull $82 941 1 $a16 996 $6084$a128$9(OLS)http://pul/classification/3423 996 $6245$aCogitativa tomista, neuroscienze e ontologia della mente$9(OLS)http://pul/title/220147 996 $6264$aRomae :$b[s.n.]$9(OLS)http://pul/publisher/48223